[Event "Clutch Chess International"]
[Site "Saint Louis"]
[Date "2020.06.07"]
[Round "1.4"]
[White "Caruana, Fabiano"]
[Black "Dominguez Perez, Leinier"]
[Result "1-0"]
[WhiteElo "2773"]
[BlackElo "2786"]
[Annotator "TA"]
[PlyCount "85"]
[EventDate "2020.06.05"]
[EventType "k.o."]
[EventCountry "USA"]
[SourceTitle "playchess.com"]
[Source "ChessBase"]
[SourceQuality "1"]

{[%evp 13,85,0,7,0,-9,-28,12,0,11,15,11,7,7,7,13,10,8,8,14,14,8,10,16,14,9,20,23,10,11,25,22,10,10,7,14,0,22,0,27,33,94,98,95,103,106,106,89,108,100,100,100,100,118,100,107,114,112,123,117,123,258,266,322,307,471,471,471,465,497,479,448,448,500,485]} 1. d4 Nf6 2. c4 e6 3. Nc3 Bb4 4. Nf3 d5 5. e3 O-O 6. a3 Bxc3+ 7. bxc3 c5 8. a4 {E51: Nimzo-Indian: Rubinstein: 4...0-0 5 Nf3 d5.} Qa5 9. Bd2 {[#]} Ne4 $146 ({Predecessor:} 9... Qc7 10. a5 Rd8 11. Qb3 Nc6 12. Qa2 Ne4 13. Bd3 Nxd2 14. Nxd2 cxd4 15. exd4 e5 16. cxd5 exd4 {½-½ (46) Akobian,V (2567)-Iotov,V (2493) Temecula 2006}) 10. Bd3 {The position is equal.} Nc6 11. Qc2 cxd4 12. exd4 Nxd2 13. Nxd2 h6 14. O-O Qc7 15. Rfe1 Na5 {[%cal Rd5c4]} 16. cxd5 exd5 17. Re3 Be6 18. Rae1 Rac8 19. h3 Kh8 20. Bf5 Bxf5 21. Qxf5 Qc6 22. Nf3 {Threatens to win with Ne5.} Nc4 23. Re7 Kg8 24. a5 Rcd8 25. Rb1 Nxa5 26. Ne5 Qf6 ({Black should play} 26... Qc8 $14 27. Qxc8 Rxc8) 27. Qxf6 $16 gxf6 28. Ng4 ({Worse is} 28. Nd7 Nc6 $17) 28... Kg7 29. Ra1 b6 30. Ne3 Nc6 31. Rc7 $36 {[%mdl 2048] Keeping Black busy.} Rc8 32. Rxc8 Rxc8 33. Nxd5 {[%mdl 4096] Endgame KRN-KRN} Na5 34. Kf1 Rd8 35. Ne3 Rc8 36. Ra3 Nc4 {Black cannot hold the game after this.} (36... Kg6 $16 {keeps fighting.}) 37. Nf5+ $18 ({Not} 37. Rxa7 Nxe3+ 38. fxe3 Rxc3 $16) 37... Kh7 38. Rxa7 Re8 (38... Rb8 {might work better.} 39. Rxf7+ Kg6) 39. Rxf7+ {White is clearly winning.} Kg6 40. Re7 Rxe7 41. Nxe7+ Kf7 42. Nf5 h5 43. Ke2 {Accuracy: White = 100%, Black = 70%.} 1-0

[Event "Clutch Chess International"]
[Site "Saint Louis"]
[Date "2020.06.06"]
[Round "1.4"]
[White "Xiong, Jeffery"]
[Black "Carlsen, Magnus"]
[Result "1/2-1/2"]
[WhiteElo "2730"]
[BlackElo "2881"]
[Annotator "TA"]
[PlyCount "105"]
[EventDate "2020.06.05"]
[EventCountry "USA"]
[SourceTitle "playchess.com"]
[Source "ChessBase"]
[SourceQuality "1"]

{[%evp 15,105,10,15,13,38,31,30,29,36,32,25,29,15,7,12,0,-4,-31,-34,-55,-47,-53,-36,-73,-69,-120,-110,-93,-113,-131,-91,-119,0,-6,-6,-56,0,-39,-37,-63,-53,-177,-182,-177,-131,-129,-6,-6,-6,-8,-8,-19,-6,-6,-6,-6,-3,-10,0,0,0,0,0,0,0,0,101,0,0,0,0,0,0,0,0,0,0,0,0,0,0,0,0,0,0,0,0,0,0,0,0,0]} 1. e4 c5 2. Nf3 Nc6 3. c3 e5 4. d4 cxd4 5. cxd4 exd4 6. Nxd4 Nf6 7. Nc3 Bb4 8. Nxc6 bxc6 9. Bd3 {B22: Sicilian: 2 c3.} O-O 10. O-O Re8 11. Bg5 {White has an edge.} h6 12. Bh4 Bxc3 13. bxc3 g5 14. Bg3 Nxe4 {[#]} 15. Bxe4 $146 ({Predecessor:} 15. Qh5 Kg7 16. Rae1 d5 17. Bxe4 dxe4 18. Rd1 Qf6 19. f4 Qg6 20. Qxg6+ fxg6 21. fxg5 hxg5 {½-½ (52) Eidinger,H (2038)-Bischoff,P (2071) Bern 2014}) 15... Rxe4 16. f4 Ba6 17. Rf2 Qe7 {And now ...Re8 would win.} 18. fxg5 hxg5 19. Bd6 Qe6 20. Qd2 (20. Bc5 $15) 20... Qg6 21. Bc5 Rae8 22. h3 d5 23. Bxa7 Re2 (23... f5 $17 24. Bd4 g4 25. hxg4 Rxg4) 24. Qc1 Bd3 {Black wants to play ...g4.} 25. a4 R8e4 ({Black should try} 25... g4 $1 $15 26. hxg4 Qxg4) 26. Bd4 Rxf2 27. Bxf2 g4 {Hoping for ...gxh3.} 28. Qb2 ({Only move:} 28. Kh2 $1 $15) 28... gxh3 $19 {[%csl Gh3][%cal Rg6g2]} 29. Qb8+ Kg7 {[%csl Gh3][%cal Rg6g2]} 30. Qh2 {[#]} Qxg2+ (30... Rg4 $1 $17 {[%cal Rg4g2]} 31. Qxh3 Be4 32. Bd4+ f6) 31. Qxg2+ $11 hxg2 $17 {[%mdl 4096] Endgame KRB-KRB} 32. a5 $132 {[%mdl 2048] White is fighting back} Ba6 33. Kxg2 Kg6 34. Bd4 Kf5 35. Kf3 Rh4 36. Rb1 Rh3+ 37. Kg2 Rd3 38. Rb6 Bb5 39. a6 Rd2+ 40. Kf3 {aiming for a7.} Ra2 {[#]} (40... Rd3+ $1 $11 {keeps the balance.} 41. Kf2 Rd2+ 42. Kg3 Ra2) 41. Rb7 ({White must play} 41. a7 $1 $16 {[%mdl 512] Rb8 is the strong threat.} Rxa7 {[#]} 42. Rxb5 $1 {[%mdl 576] Discovered Attack}) 41... Bxa6 {The position is equal.} 42. Rxf7+ Ke6 43. Rf6+ Kd7 44. Rf7+ Ke8 45. Ra7 Be2+ 46. Kf4 Rxa7 47. Bxa7 $11 {KB-KB} Bb5 48. Ke5 Kd7 49. Bc5 Bc4 50. Bd4 Bb5 51. Bc5 Bc4 52. Bd4 Bb5 53. Bc5 {Accuracy: White = 77%, Black = 83%.} 1/2-1/2

[Event "Clutch Chess International"]
[Site "Saint Louis"]
[Date "2020.06.06"]
[Round "1.5"]
[White "Carlsen, Magnus"]
[Black "Xiong, Jeffery"]
[Result "0-1"]
[WhiteElo "2881"]
[BlackElo "2730"]
[Annotator "TA"]
[PlyCount "100"]
[EventDate "2020.06.05"]
[EventType "k.o."]
[EventCountry "USA"]
[SourceTitle "playchess.com"]
[Source "ChessBase"]
[SourceQuality "1"]

{[%evp 13,100,35,65,60,51,51,52,57,51,44,61,59,62,54,63,60,54,20,31,21,28,14,16,5,5,4,9,-60,-61,-65,-66,-82,-83,-104,-103,-69,-87,-87,-93,-95,-81,-79,-83,-164,-162,-143,-125,-154,-138,-157,-162,-159,-85,-78,-81,-79,-79,-82,-82,-82,-82,-81,-79,-82,-72,-72,-72,-72,-72,-132,-132,-132,-132,-578,-578,-477,-454,-2544,-2055,-29958,-29960,-29962,-29958,-29972,-29972,-29971,-29973,-29974,-29975]} 1. Nf3 c5 2. e4 e6 3. d4 cxd4 4. Nxd4 a6 5. c4 Nf6 6. Nc3 Qc7 7. a3 b6 8. Be2 {B41: Sicilian: Kan Variation: 5 c4.} Bb7 9. f3 Be7 10. Be3 {White is slightly better.} O-O $1 {10...0-0 is better than 10...d6.} 11. O-O d6 12. Rc1 Nbd7 13. b4 Rfc8 14. Kh1 Qd8 {[#]} 15. Nb3 $146 ({Predecessor:} 15. Na4 Rab8 16. Re1 Bf8 17. Bf1 d5 18. exd5 exd5 19. Bf4 Ra8 20. Nf5 Rc6 21. Nd4 {½-½ (30) Burg,T (2485)-Drabke,L (2411) Belgium 2012}) 15... Ne5 16. Na4 Nfd7 17. Qd4 b5 {...Nc6 is the strong threat.} 18. Na5 (18. Nb2 {with more complications.} bxc4 19. Na5 Nc6 20. Nxc6 Bxc6 21. Nxc4 Bb5 22. a4) 18... Nc6 $1 {[%cal Rc6d4]} 19. Nxc6 Bxc6 20. cxb5 (20. Nc3 $11) 20... Bxb5 $15 21. Rxc8 Rxc8 22. Qd1 Qc7 23. Bd4 Qc2 24. Bxb5 axb5 25. Nb6 Nxb6 26. Bxb6 Qxd1 27. Rxd1 $17 {[%mdl 4096] Endgame KRB-KRB} Rc3 28. Ra1 (28. Kg1 $17 {was necessary.}) 28... Bf6 $19 29. Rd1 Rxa3 30. Kg1 Ra6 31. Bc7 Be5 32. Rc1 Kf8 (32... Ra4 $142 $1 33. Ba5 Bd4+ 34. Kf1 g6 35. Rc8+ Kg7) 33. Ba5 $17 d5 34. exd5 exd5 35. Kf1 Bxh2 36. Rc5 Re6 37. g4 d4 {Strongly threatening ...d3.} 38. Rxb5 d3 39. Rd5 Rd6 40. Rxd6 Bxd6 {KB-KB} 41. b5 {[#]} (41. Kf2 $142) 41... g6 $1 42. b6 Ke8 43. b7 $2 {[%mdl 8192] This move loses the game for White.} (43. g5 $17 {was the crucial defense.}) 43... Kd7 $19 44. Bb4 {And now Bxd6 would win.} Bb8 45. Kf2 {[#]} (45. g5 $142 Kc7 46. Kf2) 45... h5 $1 {[%cal Rh5h4]} 46. gxh5 gxh5 {Black mates.} 47. Be1 h4 48. Kg2 Kc6 49. Kh3 Kxb7 50. Kg4 {[#]} Bg3 $1 {[%mdl 64] Promotion. Accuracy: White = 69%, Black = 96%.} 0-1

[Event "Clutch Chess International"]
[Site "Saint Louis"]
[Date "2020.06.07"]
[Round "1.5"]
[White "Dominguez Perez, Leinier"]
[Black "Caruana, Fabiano"]
[Result "0-1"]
[WhiteElo "2786"]
[BlackElo "2773"]
[Annotator "TA"]
[PlyCount "70"]
[EventDate "2020.06.05"]
[EventType "k.o."]
[EventCountry "USA"]
[SourceTitle "playchess.com"]
[Source "ChessBase"]
[SourceQuality "1"]

{[%evp 12,70,23,23,25,0,0,0,0,-7,-7,-8,0,-25,-8,0,-8,-9,0,-19,-15,-12,0,-6,-7,-2,-2,-10,0,-42,-18,-20,-24,-83,-69,-91,-30,-33,-30,-300,0,-116,-94,-270,-272,-550,-516,-615,-608,-577,-554,-866,-674,-29993,-29994,-29994,-29994,-29994,-29995,-29995,-29996]} 1. e4 c6 2. d4 d5 3. e5 Bf5 4. h4 h5 5. Bd3 Bxd3 6. Qxd3 e6 7. Nf3 Qb6 {B12: Caro-Kann: Advance Variation.} 8. Nbd2 Nh6 9. O-O Nf5 {The position is equal.} 10. c4 Be7 11. g3 Qa6 12. b3 Nd7 13. a4 {[#]} O-O $146 ({Predecessor:} 13... Rd8 14. Qc3 O-O 15. c5 b6 16. b4 bxc5 17. bxc5 Rb8 18. Re1 Bd8 19. a5 Rb5 {0-1 (46) Andriasian,Z (2591)-Vidit,S (2718) chess.com INT 2018}) 14. Qc2 Rac8 15. Ba3 (15. c5 {seems wilder.} Rb8 16. b4 b6 17. Re1 Rfc8 18. Ba3) 15... Bxa3 16. Rxa3 c5 17. cxd5 Nxd4 18. Nxd4 cxd4 19. Qe4 exd5 20. Qxd5 Rfd8 {next ...Qe2 is good for Black.} 21. Qxd4 Nc5 22. Qe3 (22. Qb4 $11 {keeps the balance.}) 22... Rd3 $17 {[%mdl 1024] Black has strong compensation.} 23. Qe1 $1 Ne6 (23... Qg6 $17 24. Ra2 Rcd8) 24. Ra2 $1 $11 Nd4 $36 {[%mdl 2048] ...Rxd2! is the strong threat. Black fights for an advantage.} 25. Kg2 $2 {[%mdl 8192]} (25. Qe4 $11 {and White is okay.}) 25... Qa5 $2 {[#]} (25... Nxb3 26. Nxb3 Qc6+ 27. Kg1 $11) (25... Nc2 $1 $19 {[%cal Rc2e1]} 26. Qd1 Qc6+ 27. Kh2 Qc3 28. Rxc2 Qxc2 29. Qxc2 Rxc2) 26. e6 (26. b4 $1 $11 {[%mdl 512]} Qxb4 27. Qb1) 26... fxe6 {[#]} 27. Ne4 $2 (27. b4 $1 $17 {[%mdl 512]} Qxb4 28. Qb1 Qxb1 29. Rxb1) 27... Qd5 $19 ({And not} 27... Nxb3 28. Qxa5 Nxa5 29. Rb1 $11) ({Weaker is} 27... Qf5 28. Ng5 $15) 28. f3 $2 (28. Kh3 Nxb3 29. f3) 28... Nc2 29. Rxc2 Rxc2+ 30. Rf2 Qxb3 31. Ng5 Rd1 32. Qa5 Rxf2+ {Black mates.} 33. Kxf2 Qc2+ 34. Ke3 Rd3+ 35. Kf4 Qc1+ {Accuracy: White = 42%, Black = 89%.} 0-1

[Event "Clutch Chess International"]
[Site "Saint Louis"]
[Date "2020.06.07"]
[Round "1.5"]
[White "Aronian, Levon"]
[Black "Grischuk, Alexander"]
[Result "1/2-1/2"]
[WhiteElo "2778"]
[BlackElo "2784"]
[Annotator "TA"]
[PlyCount "164"]
[EventDate "2020.06.05"]
[EventType "k.o."]
[EventCountry "USA"]
[SourceTitle "playchess.com"]
[Source "ChessBase"]
[SourceQuality "1"]

{[%evp 19,164,0,8,-6,0,-12,-8,-11,-8,-31,9,16,8,3,8,7,0,-29,-19,-19,-20,-27,0,0,0,0,10,10,10,6,6,12,10,4,6,8,11,11,8,2,62,65,100,100,101,101,111,35,35,11,102,55,55,62,62,0,182,110,712,637,503,481,707,604,669,117,762,730,655,452,377,0,0,0,0,0,0,0,0,0,0,0,0,0,100,100,100,100,100,100,100,0,0,0,0,0,0,0,0,0,0,0,0,0,0,0,0,0,0,0,0,0,0,0,0,0,0,0,0,0,0,0,0,0,0,0,0,0,0,0,933,0,0,0,0,0,0,0,0,0,0,0,0,0,0,0,0]} 1. d4 Nf6 2. c4 e6 3. Nf3 d5 4. Nc3 c6 5. e3 Nbd7 6. Qc2 Bd6 7. Bd3 O-O 8. O-O dxc4 9. Bxc4 c5 10. Rd1 a6 11. Bd3 {D46: Semi-Slav: 5 e3 Nbd7 6 Bd3, Black avoids the Meran.} Qc7 {[#]} 12. dxc5 $146 ({Predecessor:} 12. h3 cxd4 13. Nxd4 b6 14. Ne4 Bh2+ 15. Kh1 Bb7 16. Nxf6+ Nxf6 17. Qe2 Bd6 18. Bd2 Ne4 19. Rac1 Qd7 20. Bxe4 Bxe4 {½-½ (31) Galanov,S (2616)-Pligin,S (2495) ICCF email 2011}) 12... Nxc5 13. e4 b6 14. Bc4 {Threatens to win with Rxd6!} Ng4 {[%cal Rd6h2]} 15. h3 Ne5 16. Nxe5 Bxe5 17. Be3 Bb7 18. f3 Rac8 19. Rac1 b5 20. Bb3 {White wants to play Nxb5!} Qe7 21. Nd5 exd5 22. Bxc5 Bd6 23. Bxd6 Qxd6 24. Qd2 $36 {[%cal Rb3d5][%mdl 2048] White has the initiative.} Qb6+ 25. Qf2 Qxf2+ 26. Kxf2 Rxc1 27. Rxc1 dxe4 $11 {[%mdl 4096] Endgame KRB-KRB} 28. Rc7 Ba8 29. Ra7 g6 ({Black should play} 29... exf3 $11 30. gxf3 g6) 30. Bxf7+ $14 {[%mdl 64] Deflection} Rxf7 31. Rxa8+ {KR-KR} Kg7 32. Rxa6 exf3 33. g4 (33. gxf3 $16 Rc7 34. Kg3) 33... Rd7 34. b4 h5 (34... Rd4 $11 {remains equal.}) 35. gxh5 gxh5 36. Ra5 Kg6 $1 37. Kxf3 (37. h4 $14) 37... Rd2 $2 (37... Rd3+ $1 $11 38. Ke4 Rxh3) 38. h4 $1 $18 ({But not} 38. Rxb5 $6 Rxa2 39. h4 Rh2 $14) 38... Rh2 $2 {[%mdl 8192]} (38... Rd4 $16) 39. Kg3 Rd2 40. Rxb5 Rxa2 (40... Rd3+ $142 41. Kf4 Rd4+ 42. Ke5 Rxh4) 41. Rg5+ Kh6 42. Rf5 $1 {[%cal Rf5f2]} Ra8 $2 {[%mdl 8192]} (42... Kg6 $16 43. Rf2 Ra3+ 44. Rf3 Ra6) 43. Rf6+ Kg7 44. Rf3 Rb8 45. Rb3 $2 (45. Rf4 $18) 45... Rb5 $1 $11 46. Kf4 Kf6 47. Ke4 Ke6 48. Kd4 Kd6 49. Kc4 Rf5 50. Rd3+ Kc6 51. Rd4 Kb6 (51... Rf1 $11) 52. Rd6+ Kc7 {[#]} 53. Rd5 $1 {[%cal Rd5f5]} Rf4+ 54. Rd4 Rf5 {[#]} 55. b5 (55. Kd3 $1 $16) 55... Kb6 56. Rd6+ Kb7 57. Rh6 Rf4+ 58. Kc5 {Black must now prevent Rh7+.} Rxh4 59. Rh7+ Kc8 60. Kb6 Rh3 61. Rc7+ Kb8 62. Rh7 {[%cal Rh7h8]} Kc8 63. Rc7+ (63. Kc6 {with more complications.} Rc3+ 64. Kb6 Rh3) 63... Kb8 64. Rf7 {[%cal Rf7f8]} Kc8 65. Rf8+ Kd7 66. Kb7 {And now Rf4 would win.} h4 67. b6 {Rf4 is the strong threat.} Rb3 68. Ka7 Ra3+ 69. Kb8 h3 70. b7 h2 71. Rf7+ Ke6 72. Rh7 Ra2 73. Rh5 Rc2 74. Rh3 Ke7 $2 {[%mdl 8192]} (74... Kd5 $11) 75. Re3+ $2 (75. Ka7 $18 Ra2+ 76. Kb6) 75... Kf6 {The position is equal.} 76. Re1 Kg5 77. Rb1 {Strongly threatening Ka7.} Kg4 78. Ka7 Rc7 79. Rh1 Kg3 80. Ka8 Rxb7 $1 81. Kxb7 Kg2 82. Rxh2+ Kxh2 {Accuracy: White = 85%, Black = 72%.} 1/2-1/2

[Event "Clutch Chess International"]
[Site "Saint Louis"]
[Date "2020.06.06"]
[Round "1.5"]
[White "So, Wesley"]
[Black "Vachier-Lagrave, Maxime"]
[Result "1-0"]
[WhiteElo "2741"]
[BlackElo "2860"]
[Annotator "TA"]
[PlyCount "87"]
[EventDate "2020.06.05"]
[EventType "k.o."]
[EventCountry "USA"]
[SourceTitle "playchess.com"]
[Source "ChessBase"]
[SourceQuality "1"]

{[%evp 17,87,14,15,-34,32,32,32,33,58,36,32,19,33,35,27,39,29,20,20,20,20,14,61,58,70,75,72,77,75,64,80,71,71,84,117,105,389,375,329,305,406,409,501,518,513,483,446,479,476,450,533,473,564,577,582,575,677,648,702,637,823,814,4285,3504,4072,3874,4578,4622,4614,4614,3485,3120]} 1. d4 d5 2. c4 c6 3. Nf3 Nf6 4. Qb3 dxc4 5. Qxc4 Bf5 6. g3 e6 7. Bg2 Be7 8. O-O Nbd7 9. Qb3 Qb6 10. Nc3 $5 {[%mdl 4] [#] A promising side line. D23: Queen's Gambit Accepted: 3 Nf3 Nf6 sidelines.} a5 $146 (10... O-O $15) ({Predecessor:} 10... Ne4 11. Qxb6 axb6 12. Nd2 Nxc3 13. bxc3 b5 14. e4 Bg6 15. c4 bxc4 16. Nxc4 Ra4 17. Ne3 Rxd4 {0-1 (41) Prudnikova,S (2229)-Velikic,A (2339) Valjevo 2018}) 11. Qxb6 $14 Nxb6 12. Ne5 {White is slightly better.} Nbd5 13. f3 Nd7 14. Nxd7 Kxd7 15. e4 Nxc3 16. bxc3 Bg6 17. a4 b5 18. axb5 cxb5 19. f4 Rhc8 20. g4 $36 {[%mdl 2048] And now f5 would win. White has some pressure.} f5 ({Don't go for} 20... Rxc3 $2 21. f5 $18) 21. exf5 exf5 22. Bxa8 Rxa8 23. g5 Bf7 24. Ba3 Bxa3 25. Rxa3 $16 {[%mdl 4096] Endgame KRR-KRB} Bd5 26. Re1 Be4 $2 {[%mdl 8192] [#]} (26... g6 $16) 27. Rea1 $1 $18 a4 {[#]} 28. c4 $1 Kc6 (28... bxc4 29. Rxa4) 29. d5+ Kc5 {White must now prevent ...b4.} 30. cxb5 {[%mdl 64] Overworked Piece. White is clearly winning.} Kxb5 31. d6 Rd8 32. Rxa4 Rxd6 33. Ra7 Rd2 {Now ...Rg2+ and Black clings on.} 34. R1a2 Rd1+ 35. Kf2 Rd3 36. Rxg7 Rf3+ 37. Ke2 Rxf4 38. Ke3 Rh4 39. Rc7 Kb6 40. Rc3 {Threatening mate with Rb2+.} Bc6 41. Rb2+ Kc7 42. Rbc2 Re4+ 43. Kf3 Rc4+ 44. Kg3 {White took control after the opening. Accuracy: White = 96%, Black = 40%.} 1-0

[Event "Clutch Chess International"]
[Site "Saint Louis"]
[Date "2020.06.06"]
[Round "1.6"]
[White "Vachier-Lagrave, Maxime"]
[Black "So, Wesley"]
[Result "1/2-1/2"]
[WhiteElo "2860"]
[BlackElo "2741"]
[Annotator "TA"]
[PlyCount "113"]
[EventDate "2020.06.05"]
[EventType "k.o."]
[EventCountry "USA"]
[SourceTitle "playchess.com"]
[Source "ChessBase"]
[SourceQuality "1"]

{[%evp 13,113,0,0,0,0,0,0,0,-6,-23,0,-10,14,0,3,-36,-22,-25,-18,-50,-29,-30,0,-36,-42,-40,-41,-45,-41,-55,-47,-63,-60,-63,-62,-56,-56,-62,-64,-88,-88,-193,-182,-180,-166,-173,-167,-192,-193,-177,-162,-166,-176,-163,-162,-162,-156,-171,-93,-94,-97,-102,-57,-87,0,0,0,0,0,0,0,0,0,0,0,0,0,0,0,0,0,0,0,0,0,0,0,0,0,0,0,0,0,0,0,0,0,0,0,0,0,0]} 1. c4 e5 2. Nc3 Nf6 3. Nf3 Nc6 4. d3 d5 5. cxd5 Nxd5 6. e4 Nxc3 7. bxc3 Bc5 8. Be2 {A28: English Opening: Four Knights Variation.} O-O 9. O-O Bb6 10. a4 Re8 {[#]} 11. Kh1 $146 ({Predecessor:} 11. Qc2 Qf6 12. Kh1 h6 13. Ng1 Qd6 14. f4 Bxg1 15. Rxg1 exf4 16. d4 Ne7 17. Ba3 {0-1 (42) Kramnik,V (2777)-Giri,A (2783) Wijk aan Zee 2019}) 11... Bg4 12. h3 Bh5 13. g4 Bg6 14. Nd2 f6 15. Nc4 Na5 16. Ne3 Bxe3 17. Bxe3 b6 18. f4 exf4 19. Rxf4 c5 20. c4 Nc6 21. Qg1 Qd7 22. h4 h6 23. Qg3 Nd4 24. Bxd4 Qxd4 ({Much worse is} 24... cxd4 $6 25. g5 $16) 25. Rg1 Re5 26. g5 {[#]} fxg5 $1 27. hxg5 (27. Rf2 $17) 27... Rxg5 $19 28. Rg4 Rxg4 29. Bxg4 {White wants to play Be6+.} Re8 30. Qh3 Re5 31. Be6+ Kh7 {White must now prevent ...Rh5.} 32. Bg8+ Kxg8 33. Rxg6 {[%mdl 4096] Endgame KQR-KQR} Kh7 34. Qg4 Re7 {aiming for ...Rf7.} 35. Qf5 {[#] Rf6+ would kill now.} Qe5 (35... Qd7 $1 $19 36. Re6+ Kg8 37. Rxe7 Qxe7) 36. Qxe5 $17 Rxe5 {KR-KR} 37. Rd6 Rg5 38. Kh2 h5 ({Better is} 38... Rg6 $17 39. Rd7 a5) 39. a5 $11 {Threatening a6.The position is equal.} bxa5 40. Ra6 {[%mdl 64] Double Attack} g6 41. Rxa5 Kh6 {White should prevent ...h4.} 42. Rxa7 h4 43. Kh3 Rg3+ {[%mdl 64] Double Attack} 44. Kxh4 Rxd3 45. Rc7 Rd4 46. Rxc5 Rxe4+ 47. Kg3 g5 48. Rc8 Kh5 49. Rh8+ Kg6 50. c5 Rc4 51. Rc8 Kf5 52. Rf8+ Ke6 53. Rc8 Kd7 54. Rg8 Rxc5 55. Kg4 Kc6 56. Rxg5 Rxg5+ 57. Kxg5 {White happily takes the draw. Accuracy: White = 84%, Black = 89%.} 1/2-1/2